Audit v UNLP odhalil miliónové pochybenia a straty verejné obstarávanie bolo na webstránke zverejnené naposledy v roku 2013

Bibliographic Details
Main Author: (kac) (Author)
Format: Article
Language:Slovak
PhysicalDescription:Fotografie
ISSN:1339-7605
Subjects:
Online Access:https://kosicednes.sk/udalosti/prve-zavery-auditu-podla-unlp-odhalili-niekolkomilionove-pochybenia/

MARC

LEADER 00000nab a2200000u 4500
001 vtls011996458
003 SK-MaSNL
005 20260303210805.0
008 201007|20201006xo ||||||| ||00 ||slo|
038 |a KEVKJB 
040 |a KEVKJB  |b slo  |e rda 
041 0 |a slo 
043 |a e-xo--- 
044 |a xo  |c SK 
072 7 |a 614  |x Verejné zdravie a hygiena  |2 konspekt  |2 konspekt 
080 |a 614.2:725.511  |2 2011 
100 1 |a (kac)  |4 aut  |9 881053 
245 1 0 |a Audit v UNLP odhalil miliónové pochybenia a straty  |b verejné obstarávanie bolo na webstránke zverejnené naposledy v roku 2013  |c [autor] (KAC) 
300 |b Fotografie 
336 |a text  |b txt  |2 rdacontent 
337 |a bez média  |b n  |2 rdamedia 
338 |a zväzok  |b nc  |2 rdacarrier 
610 2 7 |a Univerzitná nemocnica L. Pasteura Košice  |2 SNKKAnba  |9 155401 
650 0 7 |a nemocnice  |2 SNKPH  |9 3008 
650 0 7 |a audit  |2 SNKPH  |9 2834 
651 7 |a Košice (Slovensko)  |2 SNKPHgeo  |9 18694 
773 0 |t KOŠICE:DNES  |g Roč. 7, č. 192 (6.10.2020), s. 6  |x 1339-7605 
852 |a KEVKJB  |b KIS3GCP 
856 4 1 |u https://kosicednes.sk/udalosti/prve-zavery-auditu-podla-unlp-odhalili-niekolkomilionove-pochybenia/ 
958 |a MI 
999 |c 2201745  |d 2203675